000 01287nam a22003497a 4500
003 CHAP
005 20220329140939.0
008 971013s1989 r 00010 d
010 _a60238
011 _a61210
035 _a65374
040 _cCHAP
090 _aTesis
100 0 0 _aGarcía Bonilla, J. Jesús.
_945781
245 _aEvaluación de cinco densidades de siembra en maíz (Zea mays L.) a cuatro niveles de nitrógeno en el Valle de Juárez, Chihuahua
260 _aCd. Juárez, Chih. :
_bEl autor,
_c1989
300 _a70 h.
502 _aTesis (Ing. Agr. Esp. en Fitotecnia) -- Escuela Superior de Agricultura "Hermanos Escobar". Departamento de Fitotecnia
590 _aALEPH
_b10
_c20130110
_lUCH01
_h1339
590 _aBATCH-UPD
_b10
_c20130110
_lUCH01
_h0302
590 _aBATCH-UPD
_b10
_c20130110
_lUCH01
_h2025
590 _aBATCH-UPD
_b10
_c20130409
_lUCH01
_h2334
590 _aBATCH-UPD
_b10
_c20130914
_lUCH01
_h1527
590 _aCONVERSION
_b10
_c20130109
_lUCH01
_h1332
650 1 4 _aMaíz
_xChihuahua.
_970898
650 1 4 _aMaíz
_xEspaciamiento.
_970946
650 1 4 _aNitrógeno
_xEfecto en maíz.
_981447
901 _aBK
942 _cFOLL
949 _bBC
_cTES
_d-145813
_eTS1
_h29116
_i65374
_si
949 _bBC
_cTES
_d33724000179214
_eTS2
_fc.2
_h29117
_i65374
_si
999 _c60238
_d60238